केशवकाव्यकलानिधि: (Record no. 1435568)

MARC details
000 -LEADER
fixed length control field 01474 a2200265 4500
003 - CONTROL NUMBER IDENTIFIER
control field OSt
005 - DATE AND TIME OF LATEST TRANSACTION
control field 20260305121811.0
008 - FIXED-LENGTH DATA ELEMENTS--GENERAL INFORMATION
fixed length control field 260305b |||||||| |||| 00| 0 eng d
020 ## - INTERNATIONAL STANDARD BOOK NUMBER
International Standard Book Number 9788177022827 (Set) (hbk)
037 ## - SOURCE OF ACQUISITION
Terms of availability REF
040 ## - CATALOGING SOURCE
Transcribing agency CRL
Original cataloging agency CRL
041 ## - LANGUAGE CODE
Source of code hin
Language code of text/sound track or separate title hin
Language code of original san
084 ## - COLON CLASSIFICATION NUMBER
Classification number O15,1J55x Q3.1-.4 (RR)
Assigning agency CRL
245 ## - TITLE STATEMENT
Title केशवकाव्यकलानिधि:
Remainder of title आचार्य केशवचन्द्रदाश ग्रंथावली
246 ## - VARYING FORM OF TITLE
Title proper/short title Kesavakavyakalanidhih: complete sanskrit works of Prof. Keshanb Chandra Dash
260 ## - PUBLICATION, DISTRIBUTION, ETC.
Place of publication, distribution, etc. दिल्ली, भारत:
Name of publisher, distributor, etc. प्रतिभा प्रकाशन,
Date of publication, distribution, etc. 2013.
300 ## - PHYSICAL DESCRIPTION
Extent खण्ड 1 (1-334पृ.), खण्ड 2 (1-376पृ.), खण्ड 3 (1-400पृ.), खण्ड 4 (1-500पृ.)
365 ## - TRADE PRICE
Price amount 4500.00
Currency code INR
440 ## - SERIES STATEMENT/ADDED ENTRY--TITLE
Volume/sequential designation खण्ड (1-4)
650 ## - SUBJECT ADDED ENTRY--TOPICAL TERM
Topical term or geographic name entry element संस्कृत साहित्य
650 ## - SUBJECT ADDED ENTRY--TOPICAL TERM
Topical term or geographic name entry element संस्कृत कविता
700 ## - ADDED ENTRY--PERSONAL NAME
Personal name शुक्ल, राधे श्याम
Relator term सम्पादक
9 (RLIN) 1123579
942 ## - ADDED ENTRY ELEMENTS (KOHA)
Koha item type Reference
Source of classification or shelving scheme Colon Classification (CC)
Classification part O15,1J55x Q3.1-.4 (RR)
Holdings
Withdrawn status Lost status Source of classification or shelving scheme Damaged status Not for loan Home library Current library Date acquired Source of acquisition Cost, normal purchase price Serial Enumeration / chronology Inventory number Total Checkouts Full call number Barcode Date last seen Cost, replacement price Price effective from Koha item type
    Colon Classification (CC)     Central Library Central Library 2025-11-03 82/ प्रतिभा प्रकाशन 3600.00 भाग -1 - काव्यखण्ड 181 & 2025-10-28   O15,1J55x Q3.1 CL1924431 2025-11-03 4500.00 2025-11-03 Reference
    Colon Classification (CC)     Central Library Central Library 2025-11-03 82/ प्रतिभा प्रकाशन 3600.00 भाग- .2 - लघुकथा खण्ड 181 & 2025-10-28   O15,1J55x Q3.2 CL1924432 2026-03-05 4500.00 2025-11-03 Reference
    Colon Classification (CC)     Central Library Central Library 2025-11-03 82/ प्रतिभा प्रकाशन 3600.00 भाग- .3 - लघु उपन्यासखण्ड 181 & 2025-10-28   O15,1J55x Q3.3 CL1924433 2026-03-05 4500.00 2025-11-03 Reference
    Colon Classification (CC)     Central Library Central Library 2025-11-03 82/ प्रतिभा प्रकाशन 3600.00 भाग- .4 - उपन्यासखण्ड 181 & 2025-10-28   O15,1J55x Q3.4 CL1924434 2026-03-05 4500.00 2025-11-03 Reference
Copyright @ Delhi University Library System